Air Force Roundels - World - Statistics

General Stats
  • This quiz has been taken 50 times
  • The average score is 69 of 165
Answer Stats
Picture Answer % Correct
Iraq
84%
Germany
79%
Panama
79%
Canada
76%
Slovakia
76%
United Kingdom
76%
Antigua and Barbuda
74%
Ireland
74%
North Korea
74%
Pakistan
74%
New Zealand
71%
United States
71%
Japan
68%
South Korea
68%
Bulgaria
66%
Israel
66%
Mongolia
66%
Australia
63%
Brazil
63%
Czech Republic
63%
Estonia
63%
Malta
63%
Saudi Arabia
63%
Ukraine
63%
Bangladesh
61%
China
61%
Eritrea
61%
Niger
61%
Seychelles
61%
Sweden
61%
Switzerland
61%
Uganda
61%
Algeria
58%
Barbados
58%
Belgium
58%
Bosnia and Herzegovina
58%
Cambodia
58%
Kazakhstan
58%
Laos
58%
Poland
58%
Azerbaijan
55%
Brunei
55%
Mauritania
55%
Romania
55%
Spain
55%
Thailand
55%
Norway
53%
Russia
53%
Tunisia
53%
Colombia
50%
Jordan
50%
Kyrgyzstan
50%
Libya
50%
Zambia
50%
Bahamas
47%
Botswana
47%
Central African Republic
47%
Chad
47%
Dominican Republic
47%
Egypt
47%
Ethiopia
47%
Finland
47%
India
47%
Latvia
47%
Morocco
47%
Somalia
47%
Togo
47%
Armenia
45%
Ecuador
45%
France
45%
Italy
45%
Syria
45%
Turkmenistan
45%
Venezuela
45%
Zimbabwe
45%
Benin
42%
Burkina Faso
42%
Cuba
42%
Democratic Republic of the Congo
42%
Greece
42%
Lithuania
42%
Mali
42%
North Macedonia
42%
Papua New Guinea
42%
Peru
42%
Vietnam
42%
Albania
39%
Austria
39%
Djibouti
39%
Haiti
39%
Honduras
39%
Hungary
39%
Indonesia
39%
Luxembourg
39%
Netherlands
39%
Nigeria
39%
Afghanistan
37%
Argentina
37%
Belarus
37%
Portugal
37%
Singapore
37%
South Sudan
37%
Suriname
37%
Yemen
37%
Jamaica
34%
Sri Lanka
34%
United Arab Emirates
34%
Angola
32%
Gabon
32%
Georgia
32%
Kenya
32%
Malawi
32%
Mauritius
32%
Nepal
32%
Oman
32%
Philippines
32%
Rwanda
32%
Serbia
32%
Sudan
32%
Chile
29%
Comoros
29%
El Salvador
29%
Iceland
29%
Kuwait
29%
Cameroon
26%
Côte d'Ivoire
26%
Croatia
26%
Guatemala
26%
Moldova
26%
Qatar
26%
Sierra Leone
26%
Turkey
26%
Guinea
24%
Malaysia
24%
Trinidad and Tobago
24%
Costa Rica
21%
Denmark
21%
Guinea Bissau
21%
Liberia
21%
Maldives
21%
Nicaragua
21%
Slovenia
21%
South Africa
21%
Tajikistan
21%
Uzbekistan
21%
Equatorial Guinea
18%
Lesotho
18%
Madagascar
18%
Senegal
18%
Uruguay
18%
Bahrain
16%
Iran
16%
Ghana
13%
Lebanon
13%
Montenegro
13%
Mozambique
13%
Myanmar
13%
Paraguay
13%
Tanzania
13%
Tonga
13%
Boliva
11%
Burundi
11%
Cyprus
11%
Mauritius
11%
Republic of the Congo
11%
No matching quizzes found
Score Distribution
Percent of People with Each Score
Percentile by Number Answered
Your Score History
You have not taken this quiz